| 000 | 01374nam a2200241Ia 4500 | ||
|---|---|---|---|
| 999 |
_c52968 _d52968 |
||
| 001 | 19999 | ||
| 003 | GE_BSU | ||
| 005 | 20230427143100.0 | ||
| 008 | 181216s||||||||xx |||||||||||||| ||und|| | ||
| 040 | _cGE_BSU | ||
| 041 | _ageo | ||
| 080 | _a821.14 რ-14 | ||
| 100 |
_a როდოსელი, აპოლონიოს _917840 |
||
| 245 |
_aარგონავტიკა : _bპოემა / _cაპოლონიოს როდოსელი, თარგმანი და შესავალი წერილი აკ. გელოვანისა ; რედ.; ნარკვევი, შენიშვნები და საძიებელი აკ. ურუშაძისა. |
||
| 264 |
_aთბილისი : _bმეცნიერება, _c1975. |
||
| 300 |
_a247გვ. : _bილ. 18 ფ. ილ. ; _c26 სმ. |
||
| 546 | _aპარალ. სათ. რუს. და ლათინ. ენ. | ||
| 653 | _aარგონავტიკა | ||
| 653 | _aარგონავტიკა; კოლხეთის ისტორიის ლიტერატურული წყაროები | ||
| 700 |
_aგელოვანი, აკაკი _eმთარგმნელი _917841 |
||
| 700 |
_a ურუშაძე, აკაკი _eრედაქტორი _917842 |
||
| 942 |
_cBK _2udc |
||